| 000 | 00402nam a22001697a 4500 | ||
|---|---|---|---|
| 005 | 20160513103419.0 | ||
| 008 | 160513b xxu||||| |||| 00| 0 eng d | ||
| 020 | _a13:978-0-07-061193-1 | ||
| 041 | _aeng | ||
| 082 | _b1817 | ||
| 100 |
_aN.D. Vohra _9540 |
||
| 245 | _aQuantitative Techigues in Management | ||
| 260 |
_bMCGRAW HILL _c2007 |
||
| 300 | _a1049 | ||
| 650 |
_aManagement _9241 |
||
| 942 | _cBK | ||
| 999 |
_c702 _d702 |
||